000
00345nam a2200133Ia 4500
008
151001s9999||||xx |||||||||||||| ||und||
100
_a
ऊ ज शेळके
245
_a
उमरखा कुलकर्णी
250
_a
1
260
_b
सरस प्रकाशन
260
_c
1981
300
_a
138
365
_b
21
999
_c
963353
_d
963350